000 00824nam a2200253Ia 4500
003 OSt
005 20220925205007.0
006 a|||||r|||| 00| 0
007 ta
008 220923b |||||||| |||| 00| 0 eng d
020 _a9780754647492
_c2787.5700000000002
037 _b12065, 18/03/2008, Overseas Press
_cGeneral Book
040 _aRTL
_cRTL
_beng
041 _2eng
_aeng
082 _aU:(NB,5), P7
100 _aHillier Jean
_9269401
245 0 _aStretching beyond the horizon
_b A multiplanar theory of special planning and governance
260 _aHampshire
_bAshgate
_c2007
300 _avii, 400p
_ccm.
500 _aBibliography P 326-386
650 _aGeography
942 _hU:(NB,5), P7
_cGB
_2CC
999 _c550930
_d550930